Algebra and trigonometry : structure and method ; book 2 (Record no. 27091)

MARC details
000 -LEADER
fixed length control field 00424nam a2200169Ia 4500
020 ## - INTERNATIONAL STANDARD BOOK NUMBER
ISBN 0-395-47056-0
050 ## - CALL MARK
Classification number QA 154.2 .A444/
245 #0 - TITLE STATEMENT
Title Algebra and trigonometry : structure and method ; book 2
260 ## - PUBLICATION, DISTRIBUTION, ETC. (IMPRINT)
Place of publication Boston
260 ## - PUBLICATION, DISTRIBUTION, ETC. (IMPRINT)
Name of publisher Houghton Mifflin Company
260 ## - PUBLICATION, DISTRIBUTION, ETC. (IMPRINT)
Year of publication 1990
300 ## - PHYSICAL DESCRIPTION
Number of Pages 864 p
650 ## - SUBJECT ADDED ENTRY--TOPICAL TERM
Topical Term Algebras
942 ## - ADDED ENTRY ELEMENTS (KOHA)
Koha item type Books
Holdings
Withdrawn status Lost status Source of classification or shelving scheme Damaged status Not for loan Permanent Location Current Location Date acquired Full call number Accession Number Price effective from Koha item type
    Library of Congress Classification     NILE UNIVERSITY OF NIGERIA - MAIN LIBRARY NILE UNIVERSITY OF NIGERIA - MAIN LIBRARY 04/23/2025 QA 154.2 .A444 0007475 04/23/2025 Books